イオンタワーに本社を置く企業 - Statistics

General Stats
  • This quiz has been taken 15 times
  • The average score is 5 of 40
Answer Stats
Answer % Correct
イオン
93%
イオンモール
86%
イオンリテール
79%
ミニストップ
57%
イオンタウン
36%
まいばすけっと
36%
イオントップバリュ
29%
イオン保険サービス
21%
イオンイーハート
14%
イオンファンタジー
14%
イオンマーケティング
14%
イオンアイビス
7%
イオン商品調達
7%
イオンベーカリー
7%
イオンリテールストア
7%
トップバリュコレクション
7%
未来屋書店
7%
R.O.U
0%
イオンアグリ創造
0%
イオンカルチャー
0%
イオングローバルSCM
0%
イオンサヴール
0%
イオン・シグナ・スポーツ・ユナイテッド
0%
イオンスポーツ商品調達
0%
イオンスマートテクノロジー
0%
イオンネクスト
0%
イオンネクストデリバリー
0%
イオン不動産サービス
0%
イオンボディ
0%
イオンマーケットインベストメント
0%
イオンライフ
0%
イオンレーヴコスメ
0%
コスメーム
0%
生活品質科学研究所
0%
ネットワークサービス
0%
パレッテ
0%
ビオセボン・ジャポン
0%
ブランシェス
0%
メガスポーツ
0%
メガペトロ
0%
No matching quizzes found
Score Distribution
Percent of People with Each Score
Percentile by Number Answered
Your Score History
You have not taken this quiz